书目信息 |
| 题名: |
实验室设计与建设指南
|
|
| 作者: | 黄家声 主编 | |
| 分册: | ||
| 出版信息: | 北京 中国水利水电出版社 2011.05 |
|
| 页数: | 190页 | |
| 开本: | 28cm | |
| 丛书名: | ||
| 单 册: | ||
| 中图分类: | TU244.5 | |
| 科图分类: | ||
| 主题词: | 民用建筑--建筑设计 | |
| 电子资源: | ||
| ISBN: | 7-5084-8427-4 | |
| 000 | 00645nam0 2200205 450 | |
| 001 | 2253875867 | |
| 005 | 20221010145939.42 | |
| 010 | @a7-5084-8427-4@dCNY128.00 | |
| 100 | @a20221010d2011 km y0chiy0120 ea | |
| 101 | 0 | @achi |
| 102 | @aCN@b110000 | |
| 102 | @aCN@b110000 | |
| 200 | 1 | @a实验室设计与建设指南@AShi Yan Shi She Ji Yu Jian She Zhi Nan@f黄家声主编@FHuang Jia Sheng Zhu Bian |
| 210 | @a北京@c中国水利水电出版社@d2011.05 | |
| 215 | @a190页@d28cm | |
| 606 | 0 | @a民用建筑@x建筑设计 |
| 690 | @aTU244.5@v4 | |
| 701 | 0 | @a黄家声@AHuang Jia Sheng@4主编 |
| 801 | 0 | @aCN@b大连网信软件有限公司图书馆·11@c20221010 |
| 905 | @aZUCC@dTU244.5@e2114 | |
| 实验室设计与建设指南/黄家声主编.-北京:中国水利水电出版社,2011.05 |
| 190页;28cm |
| ISBN 7-5084-8427-4:CNY128.00 |
| ● |
| 相关链接 |
|
|
|
|
正题名:实验室设计与建设指南
索取号:TU244.5/2114
 
预约/预借
| 序号 | 登录号 | 条形码 | 馆藏地/架位号 | 状态 | 备注 |
| 1 | 1052589 | 210525895 | 第二样本阅览室/ [索取号:TU244.5/2114] | 在馆 |